On This Day: October 24th II Quiz Stats

 Plays Quiz Updated Oct 24, 2018

Score 0/7 Timer 03:00
0 Plays Today
Question Answer Wrong Answers
This man’s last performance takes place at the Garrick Theatre in Detroit, days after allegedly suffering repeated strikes to the abdomen as part of a trick.
1926
Harry Houdini
95.3%
Chico Marx
1.6%
Stan Laurel
1.1%
Jelly Roll Morton
1.5%
This British-French airliner, one of only two supersonic transports to have been operated commercially, makes its last commercial flight.
2003
Concorde
87.7%
Boeing 787 Dreamliner
4.3%
Airbus A300
4.7%
De Havilland Comet
1.7%
In Turtle Bay, Manhattan, the cornerstone of the ______ Headquarters is laid.
1949
United Nations
79%
Exxon Mobil
1.6%
World Trade Organization
16.6%
Ford Motor Company
1.9%
The Peace of ______ is signed, marking the end of the Thirty Years’ War.
1648
Westphalia
60.5%
Catalonia
14.1%
Brittany
18.6%
Hampshire
6.7%
The first transcontinental ______ across the United States is completed, considered a milestone in electrical engineering.
1861
Telegraph Line
59.5%
Railroad
35.9%
Phone Line
3.5%
Gas Pipeline
1%
This holiday is observed on the fourth Monday in October for the seventh and final time. It is observed in November the following year.
1977
Veterans Day
47.5%
Columbus Day
7.6%
Thanksgiving
32.6%
Guy Fawkes Day
11.2%
This English footballer, who is the all-time leading goal scorer for Manchester United, is born.
1985
Wayne Rooney
43.8%
David Beckham
43.5%
Lionel Messi
10.3%
Zlatan Ibrahimović
1.1%

You're not logged in!

Compare scores with friends on all Sporcle quizzes.
OR
Log In

Sporcle TV

Today on Sporcle TV


Watch our educational content, quiz creation guides, and fun videos on Sporcle TV.

Show Comments

Extras

Top Quizzes Today


Score Distribution

Your Account Isn't Verified!

In order to create a playlist on Sporcle, you need to verify the email address you used during registration. Go to your Sporcle Settings to finish the process.

Report this User

Report this user for behavior that violates our Community Guidelines.

Details: